All Countries by Increasing Area : Four at a Time - Statistics

General Stats
  • This quiz has been taken 3,475 times
  • The average score is 31 of 49
Answers on the Map
Answers color-coded by a green-red scale on the quiz's map according to % correct below.
 
Answer Stats
# country % Correct
193-196 Tuvalu | Nauru | Monaco | Vatican City
100%
189-192 Saint Kitts and Nevis | Marshall Islands | Liechtenstein | San Marino
96%
185-188 Saint Vincent and the Grenadines | Grenada | Malta | Maldives
90%
181-184 Palau | Seychelles | Antigua and Barbuda | Barbados
86%
177-180 Singapore | Micronesia | Saint Lucia | Andorra
86%
169-172 Luxembourg | Mauritius | Comoros | São Tomé and Príncipe
81%
173-176 Kiribati | Bahrain | Dominica | Tonga
81%
165-168 Brunei | Trinidad and Tobago | Cabo Verde | Samoa
79%
161-164 Jamaica | Kosovo | Lebanon | Cyprus
73%
153-156 Kuwait | Eswatini | East Timor | Bahamas
71%
157-160 Montenegro | Vanuatu | Qatar | Gambia
71%
149-152 El Salvador | Israel | Slovenia | Fiji
69%
141-144 Albania | Equatorial Guinea | Burundi | Haiti
66%
137-140 Belgium | Lesotho | Armenia | Solomon Islands
66%
145-148 Rwanda | North Macedonia | Djibouti | Belize
66%
133-136 Bhutan | Taiwan | Guinea-Bissau | Moldova
62%
129-132 Estonia | Denmark | Netherlands | Switzerland
62%
1-4 Russia | Canada | China | United States
62%
5-8 Brazil | Australia | India | Argentina
61%
125-128 Bosnia and Herzegovina | Costa Rica | Slovakia | Dominican Republic
61%
121-124 Lithuania | Latvia | Togo | Croatia
61%
9-12 Kazakhstan | Algeria | Dem Rep Congo | Saudi Arabia
60%
113-116 Austria | United Arab Emirates | Czechia | Panama
59%
105-108 Guatemala | Iceland | South Korea | Hungary
59%
13-16 Mexico | Indonesia | Sudan | Libya
59%
117-120 Sierra Leone | Ireland | Georgia | Sri Lanka
59%
17-20 Iran | Mongolia | Peru | Chad
58%
109-112 Portugal | Jordan | Serbia | Azerbaijan
58%
101-104 Honduras | Liberia | Bulgaria | Cuba
57%
69-72 Côte d'Ivoire | Poland | Oman | Italy
56%
61-64 Japan | Germany | Philippines | Congo
56%
77-80 Guinea | United Kingdom | Uganda | Ghana
56%
93-96 Nepal | Tajikistan | Greece | Nicaragua
56%
21-24 Niger | Angola | Mali | South Africa
56%
97-100 North Korea | Malawi | Eritrea | Benin
56%
81-84 Romania | Laos | Guyana | Belarus
56%
89-92 Uruguay | Suriname | Tunisia | Bangladesh
56%
65-68 Finland | Vietnam | Malaysia | Norway
55%
85-88 Kyrgyzstan | Senegal | Syria | Cambodia
55%
25-28 Colombia | Ethiopia | Bolivia | Mauritania
54%
41-44 France | Somalia | Central African Republic | South Sudan
54%
73-76 Ecuador | Burkina Faso | New Zealand | Gabon
54%
29-32 Egypt | Tanzania | Nigeria | Venezuela
54%
33-36 Pakistan | Namibia | Mozambique | Turkey
54%
37-40 Chile | Zambia | Myanmar | Afghanistan
53%
53-56 Cameroon | Papua New Guinea | Sweden | Uzbekistan
53%
57-60 Morocco | Iraq | Paraguay | Zimbabwe
53%
45-48 Ukraine | Madagascar | Botswana | Kenya
53%
49-52 Yemen | Thailand | Spain | Turkmenistan
53%
No matching quizzes found
Score Distribution
Percent of People with Each Score
Percentile by Number Answered
Your Score History
You have not taken this quiz